Ley de justicia penal juvenil (Registro nro. 3409)
[ vista simple ]
| 000 -Cabecera | |
|---|---|
| Campo de control de longitud fija | 00627aam a2200253 4500 |
| 005 - Fecha y hora de la última transacción | |
| Campo de control | 20260324193316.0 |
| 008 - Elementos de longitud fija--Información general | |
| Campo de control de longitud fija | 150226b2012 xxu||||| |||| 00| 0 eng d |
| 020 ## - International Standard Book Number | |
| Número Internacional Estándar del Libro (ISBN) | 9789977131023 |
| 041 ## - Idioma | |
| Código de idioma | Español |
| 082 ## - Clasificación Decimal Dewey | |
| Número de clasificación | 364.36 C8374l10 |
| 100 ## - Entrada principal--Autor personal | |
| Nombre personal | Costa Rica. Leyes, decretos, etc.. |
| 245 ## - Título propiamente dicho | |
| Título | Ley de justicia penal juvenil |
| 250 ## - Edición | |
| Mención de edición | 10 edición |
| 260 ## - Pie de imprenta | |
| Lugar de publicación, distribución, etc. | Costa Rica |
| 260 ## - Pie de imprenta | |
| Nombre del editor, distribuidor, etc. | IJSA |
| 260 ## - Pie de imprenta | |
| Fecha de publicación, distribución, etc. | 2012 |
| 300 ## - Descripción física | |
| Extensión | 120 páginas |
| 490 ## - Serie | |
| Título de la Serie | Investigación Criminal |
| 650 ## - Materia general | |
| Temática (materia general) | COSTA RICA |
| 650 ## - Materia general | |
| Temática (materia general) | DELINCUENCIA JUVENIL |
| 650 ## - Materia general | |
| Temática (materia general) | DERECHO PENAL |
| 650 ## - Materia general | |
| Temática (materia general) | LEGISLACIÓN |
| 942 ## - Punto de acceso adicional KOHA | |
| Tipo de ítem KOHA | Libro |
| Fuente del sistema de clasificación o colocación | Dewey Decimal Classification |
| Signatura completa | Código de barras | Programa Académico | Tipo de ítem |
|---|---|---|---|
| 364.36 C8374l10 | 18763 | Investigación Criminal | Libro |
| 364.36 C8374l10 | 18764 | Investigación Criminal | Libro |
| 364.36 C8374l10 | 18765 | Investigación Criminal | Libro |
| 364.36 C8374l10 | 18766 | Investigación Criminal | Libro |
| 364.36 C8374l10 | 18767 | Investigación Criminal | Libro |
| 364.36 C8374l10 | 18768 | Investigación Criminal | Libro |
| 364.36 C8374l10 | 18769 | Investigación Criminal | Libro |
| 364.36 C8374l10 | 18770 | Investigación Criminal | Libro |
| 364.36 C8374l10 | 18771 | Investigación Criminal | Libro |
| 364.36 C8374l10 | 18772 | Investigación Criminal | Libro |
| 364.36 C8374l10 | 18773 | Investigación Criminal | Libro |
| 364.36 C8374l10 | 18774 | Investigación Criminal | Libro |
| 364.36 C8374l10 | 18775 | Investigación Criminal | Libro |
| 364.36 C8374l10 | 18776 | Investigación Criminal | Libro |
| 364.36 C8374c | 18777 | Libro | |
| 364.36 C8374l10 | 17398 | Investigación Criminal | Libro |
| 364.36 C8374l10 | 17399 | Investigación Criminal | Libro |
| 364.36 C8374l10 | 17400 | Investigación Criminal | Libro |
| 364.36 C8374l10 | 17401 | Investigación Criminal | Libro |
| 364.36 C8374l10 | 17402 | Investigación Criminal | Libro |
| 364.36 C8374l10 | 21846 | Investigación Criminal | Libro |
| 364.36 C8374l10 | 21847 | Investigación Criminal | Libro |
| 364.36 C8374l10 | 21848 | Investigación Criminal | Libro |
| 364.36 C8374l10 | 21849 | Investigación Criminal | Libro |
| 364.36 C8374l10 | 21850 | Investigación Criminal | Libro |
| 364.36 C8374l10 | 21851 | Investigación Criminal | Libro |
| 364.36 C8374l10 | 21852 | Investigación Criminal | Libro |
| 364.36 C8374l10 | 21853 | Investigación Criminal | Libro |
| 364.36 C8374l10 | 21854 | Investigación Criminal | Libro |
| 364.36 C8374l10 | 21855 | Investigación Criminal | Libro |